A flexibilização da jornada de trabalho e a violação do direito à saúde do trabalhador (Registro nro. 163224)
[ vista simple ]
| 000 -LEADER | |
|---|---|
| fixed length control field | 01316nam a22002537a 4500 |
| 007 - PHYSICAL DESCRIPTION FIXED FIELD--GENERAL INFORMATION | |
| fixed length control field | cr|||| |||| |
| 008 - FIXED-LENGTH DATA ELEMENTS--GENERAL INFORMATION | |
| fixed length control field | 140501s2013 br |||||s|||| 00||0 por d |
| 020 ## - INTERNATIONAL STANDARD BOOK NUMBER | |
| International Standard Book Number | 978-85-361-2836-8 |
| 035 ## - | |
| -- | 12076 |
| 040 ## - CATALOGING SOURCE | |
| Original cataloging agency | vLex |
| 090 ## - | |
| -- | 4875 |
| -- | 4875 |
| 100 1# - MAIN ENTRY--PERSONAL NAME | |
| Personal name | Ribeiro de Oliveira Silva, José Antônio |
| 245 12 - TITLE STATEMENT | |
| Title | A flexibilização da jornada de trabalho e a violação do direito à saúde do trabalhador |
| Medium | [Recurso electrónico] : |
| Remainder of title | Uma análise comparativa dos sistemas jurídicos brasileiro e espanhol / |
| Statement of responsibility, etc | José Antônio Ribeiro de Oliveira Silva |
| 256 ## - | |
| -- | Servicio en línea |
| 260 ## - PUBLICATION, DISTRIBUTION, ETC. (IMPRINT) | |
| Place of publication, distribution, etc | San Pablo: |
| Name of publisher, distributor, etc | LTR Editora, |
| Date of publication, distribution, etc | 2013 |
| 300 ## - PHYSICAL DESCRIPTION | |
| Extent | 1 recurso electrónico |
| 500 ## - GENERAL NOTE | |
| General note | Uma análise comparativa dos sistemas jurídicos brasileiro e espanhol. |
| 506 1# - RESTRICTIONS ON ACCESS NOTE | |
| Terms governing access | Disponible solo en los productos indicados |
| Authorized users | vLex Global |
| -- | vLex Global (Academic Edition, excluding Law Schools) |
| -- | vLex Global (U.S. Academic Edition, Law Schools) |
| -- | vLex Global (U.S. Academic Edition, excluding Law Schools) |
| -- | vLex Global (Academic Edition, Law Schools) |
| 650 04 - SUBJECT ADDED ENTRY--TOPICAL TERM | |
| Topical term or geographic name as entry element | Derecho Laboral y Seguridad Social |
| Geographic subdivision | Brasil |
| 740 0# - | |
| -- | vLex Libros (Servicio en línea) |
| 856 40 - LOCALIZACIÓN Y ACCESO ELECTRÓNICO | |
| Identificador Uniforme del Recurso (URI/URL) | https://app.vlex.com/#/sources/flexibiliza-o-jornada-trabalho-viola-o-direito-saude-trabalhador-12076 |
| 942 ## - | |
| -- | RAA |
| 999 ## - | |
| -- | 163224 |
| -- | 163224 |
No hay ítems disponibles.